000 00925nam0a2200289 4500
001 RU\NLR\bibl\479182
005 20260406121259.0
010 _a5-699-03891-4
_96100
021 _aRU
_b2003-61450
_93013
035 _a(NLR Aleph) 000472133
090 _a1000388
_c1000388
100 _a20040113d2003 |||y0rusy50 ca
101 0 _arus
102 _aRU
105 _ay |||||||||
200 1 _aСедьмая жертва
_e[Роман]
_fАлександра Маринина
210 _aМ.
_cЭксмо
_d2003
215 _a412, [1] с.
_d21
320 _aДр. произведения авт. на 2-й с.
686 _aШ6(2=Р)75-446
700 1 _4070
_8rus
_7ca
_aМаринина
_bА. Б.
_gАлександра Борисовна
_f1957-
_3RU\NLR\auth\77515
_9110564
801 0 _aRU
_bNLR
_c20040113
_gPSBO
801 1 _aRU
_bNLR
_c20040113
942 _cBOOK
980 _aNB